Welcome to the Holygrace Academy Library

Please use search bar below to get started

SYNONYMS & ANTONYMS (Record no. 3790)

MARC details
000 -LEADER
fixed length control field 00303nam a22001337a 4500
020 ## - INTERNATIONAL STANDARD BOOK NUMBER
ISBN 81-8348-000-49
082 ## - DEWEY DECIMAL CLASSIFICATION NUMBER
Classification number 425
Item number SIN/S
100 ## - MAIN ENTRY--AUTHOR NAME
Personal name ASHOK K SINGH
245 ## - TITLE STATEMENT
Title SYNONYMS & ANTONYMS
260 ## - PUBLICATION, DISTRIBUTION, ETC. (IMPRINT)
Place of publication MEERUT
Name of publisher ARIHANT PUBLICATION
300 ## - PHYSICAL DESCRIPTION
Number of Pages 386
650 ## - SUBJECT ADDED ENTRY--TOPICAL TERM
Topical Term SYNONYMS & ANTONYMS
Geographic subdivision INDIA
942 ## - ADDED ENTRY ELEMENTS (KOHA)
Koha item type Books
Holdings
Withdrawn status Lost status Collection code Home library Current library Shelving location Date acquired Source of acquisition Full call number Accession Number Koha item type
    Reference Main Library Main Library SHELF-16C -ENGLISH GRAMMAR SYNONYMS7ANTONYMS,LETTERS, ETC 10/10/2006 PURCHASE 425 SIN/S 03428 Books